SAR convention, 1979 : International Convention on Maritime Search and Rescue, 1979 : as amended by resolution MSC. 70(69) (Record no. 559)

000 -LEADER
fixed length control field 00534nam a22001577a 4500
008 - FIXED-LENGTH DATA ELEMENTS--GENERAL INFORMATION
fixed length control field 191022b ||||| |||| 00| 0 eng d
020 ## - INTERNATIONAL STANDARD BOOK NUMBER
International Standard Book Number 9789280142280
082 00 - DEWEY DECIMAL CLASSIFICATION NUMBER
Classification number 341.75660265 I339
110 ## - MAIN ENTRY--CORPORATE NAME
9 (RLIN) 76
Corporate name or jurisdiction name as entry element International Maritime Organization
245 10 - TITLE STATEMENT
Title SAR convention, 1979 : International Convention on Maritime Search and Rescue, 1979 : as amended by resolution MSC. 70(69)
250 ## - EDITION STATEMENT
Edition statement 7th ed.
260 ## - PUBLICATION, DISTRIBUTION, ETC. (IMPRINT)
Place of publication, distribution, etc London
Name of publisher, distributor, etc International Maritime Organization
Date of publication, distribution, etc 2006
300 ## - PHYSICAL DESCRIPTION
Extent 26p.
650 #0 - SUBJECT ADDED ENTRY--TOPICAL TERM
Topical term or geographic name as entry element Marine Accidents
942 ## - ADDED ENTRY ELEMENTS (KOHA)
Item type Books
Holdings
Withdrawn status Lost status Source of classification or shelving scheme Damaged status Not for loan Permanent location Current location Date acquired Full call number Barcode Date last seen Koha item type Source of acquisition Cost, replacement price Cost, normal purchase price
          IMU Kolkata IMU Kolkata 2019-10-22 341.75660265 I339 12237 2019-10-22 Books      
          IMU Kolkata IMU Kolkata 2019-10-22 341.75660265 I339 12238 2019-10-22 Books      
          IMU Kolkata IMU Kolkata 2019-10-22 341.75660265 I339 12239 2019-10-22 Books      
          IMU Kolkata IMU Kolkata 2019-10-22 341.75660265 I339 12240 2019-10-22 Books      
          IMU Kolkata IMU Kolkata 2019-10-22 341.75660265 I339 12241 2019-10-22 Books      
          IMU Kolkata IMU Kolkata 2019-10-22 341.75660265 I339 11139 2019-10-22 Books      
          IMU Kolkata IMU Kolkata 2019-10-22 341.75660265 I339 11663 2019-10-22 Books      
          IMU Kolkata IMU Kolkata 2002-09-10 341.75660265 I339 09567 2020-02-11 Books Sterling Book House 493.49  
          IMU Kolkata IMU Kolkata 2020-07-28     2020-07-28 Books 15 648.00 648.00
          IMU Kolkata IMU Kolkata 2020-09-02     2020-09-02 Books 15 812.60 812.60
Designed and Maintained by IMU-KC Library, Kolkata Campus © Copyright All Rights Reserved

webs counters

Powered by Koha